000
00339nam a2200157Ia 4500
100
_a
Meg Greene
650
_a
Biography
942
_c
BK
366
_f
25
654
_a
mother teresa
245
_a
Mother Teresa:A Biography
260
_b
Jaico Publishing House
_c
2016
082
_b
MEG
300
_a
152
546
_a
ENGLISH
_c
Computers
999
_c
20755
_d
20755